|
|
|
|
| LEADER |
00000naa2a2200000 4500 |
| 001 |
632643 |
| 005 |
20231228115511.0 |
| 035 |
|
|
|a (RuTPU)RU\TPU\conf\34364
|
| 035 |
|
|
|a RU\TPU\conf\34362
|
| 090 |
|
|
|a 632643
|
| 100 |
|
|
|a 20210301d2020 k y0rusy50 ca
|
| 101 |
0 |
|
|a rus
|
| 102 |
|
|
|a RU
|
| 105 |
|
|
|a y z 101zy
|
| 135 |
|
|
|a drcn ---uucaa
|
| 181 |
|
0 |
|a i
|
| 182 |
|
0 |
|a b
|
| 200 |
1 |
|
|a Разработка гибридной конструкции термоядерного реактора с инерционным удержанием
|d Development of a hybrid design for an inertial confinement fusion reactor
|f Я. Гударзи, Ю. Б. Чертков
|
| 203 |
|
|
|a Текст
|c электронный
|
| 300 |
|
|
|a Заглавие с титульного экрана
|
| 320 |
|
|
|a [Библиогр.: с. 167 (4 назв.)]
|
| 330 |
|
|
|a This paper summarizes the results of research for developing a hybrid variant of a pure inertial confinement fusion reactor from the neutronic point of view. Various fertile fuels and tritium breeding ceramics were investigated to propose the best blanket configuration that meets the design criteria. The neutronic analysis was performed with the help of Monte Carlo Code MCNPX v2.6 and nuclear data library ENDF-VII and the results compared with the open literature.
|
| 463 |
|
1 |
|0 (RuTPU)RU\TPU\conf\34302
|t Современные технологии, экономика и образование
|o сборник материалов II Всероссийской научно-методической конференции, г. Томск, 2-4 сентября 2020 г.
|f Национальный исследовательский Томский политехнический университет ; под ред. А. Г. Фефеловой, Е. А. Покровской, И. О. Болотиной [и др.]
|v [С. 165-167]
|d 2020
|
| 510 |
1 |
|
|a Development of a hybrid design for an inertial confinement fusion reactor
|z eng
|
| 610 |
1 |
|
|a электронный ресурс
|
| 610 |
1 |
|
|a труды учёных ТПУ
|
| 610 |
1 |
|
|a конструкции
|
| 610 |
1 |
|
|a термоядерные реакторы
|
| 610 |
1 |
|
|a инерционное удержание
|
| 610 |
1 |
|
|a топливные материалы
|
| 610 |
1 |
|
|a гибридные реакторы
|
| 700 |
|
1 |
|a Гударзи
|b Я.
|
| 701 |
|
1 |
|a Чертков
|b Ю. Б.
|c физик
|c доцент Томского политехнического университета, кандидат физико-математических наук
|f 1948-
|g Юрий Борисович
|3 (RuTPU)RU\TPU\pers\26469
|9 12172
|
| 712 |
0 |
2 |
|a Национальный исследовательский Томский политехнический университет
|b Инженерная школа ядерных технологий
|b Отделение ядерно-топливного цикла
|3 (RuTPU)RU\TPU\col\23554
|
| 801 |
|
2 |
|a RU
|b 63413507
|c 20210305
|g RCR
|
| 856 |
4 |
|
|u http://earchive.tpu.ru/handle/11683/64680
|
| 942 |
|
|
|c BK
|